000 00355nam a22001097a 4500
008 230606b xxu||||| |||| 00| 0 eng d
082 _a339.5096762
_bKEN
245 _aMedium Term Debt Management Straegy
_b2009/10-2011/12
260 _aNairobi,Kenya
_bOffice of the Deputy Prime Minister and Ministry of Finance
_cJune,2009
300 _aXI,25p
942 _2ddc
_cBK
999 _c612
_d612